| 000 | 00676nam a2200205 a 4500 | ||
|---|---|---|---|
| 003 | PILC | ||
| 005 | 20160303141636.0 | ||
| 008 | 050531s19uu xx 00 eng d | ||
| 020 | _a0071117083 | ||
| 050 |
_aGE 105 _b.En32 2006 |
||
| 100 | _aEnger, Eldon D. | ||
| 245 |
_aEnvironmental science: _ba study of interrelationships / _cEldon D. Enger, Bradley F. Smith with contributions by Anne Todd Bockarie. |
||
| 260 |
_aU.S.A : _bMcGraw-Hill, Inc, _c2006. |
||
| 300 |
_a476 pages : _bcolor illustrations ; _c27 cm. |
||
| 500 | _aIncludes glossary and index. | ||
| 650 | _aEnvironmental sciences. | ||
| 700 | _aSmith, Bradley F. | ||
| 942 |
_cBK _2lcc _kFOR |
||
| 999 |
_c22514 _d22514 |
||